00512nam a22001577a 4500003000900000005001700009007000300026008004100029040002600070245002900096260008400125300004400209490003700253504002700290830003700317DO-SdBNP20211004151157.0ta211004b2016 dr abc|| |||| 00| 0 spa d aDO-SdBNPbspacBNPHU 00a¿Qué es el MERCOSUR?  aSanto Domingo : bMinisterio para Políticas de Integración Regional,c2016. a62 p. :bil., mapas, retrs. ; c23 cm. 1 aPopular. Educar para integrarv2 aBibliografía : p. 62 0aPopular. Educar para integrarn2